[Event "Montcalm IV 2009-10"]
[Site "Quebec CAN"]
[Date "2010.01.21"]
[Round "2"]
[White "Bourassa, Andre"]
[Black "Cummins, Paul"]
[Result "1/2-1/2"]
[WhiteElo "1768"]
[BlackElo "1785"]
[PlyCount "174"]
[EventDate "2010.01.14"]
[EventType "tourn"]
[EventRounds "5"]
[EventCountry "CAN"]

1. d4 d5 2. c4 e6 3. Nc3 Be7 4. Nf3 c6 5. e3 Nf6 6. b3 Nbd7 7. Qc2 Qc7 8. Bb2
dxc4 9. bxc4 a6 10. Bd3 h6 11. O-O O-O 12. e4 e5 13. Nxe5 Nxe5 14. dxe5 Ng4 15.
h3 Nxe5 16. Be2 Ng6 17. Bg4 Bxg4 18. hxg4 Ne5 19. Qe2 Rad8 20. Rad1 Bf6 21. f4
Nxc4 22. Qxc4 Qb6+ 23. Rf2 Bh4 24. Qe2 Bxf2+ 25. Qxf2 Rxd1+ 26. Nxd1 Qxf2+ 27.
Kxf2 Rd8 28. Ke2 f6 29. Ne3 Kf7 30. e5 fxe5 31. Bxe5 g6 32. f5 gxf5 33. gxf5 h5
34. g3 b5 35. a3 Rd7 36. g4 hxg4 37. Nxg4 c5 38. Bc3 Kf8 39. Nf6 Rg7 40. Kf3
Rg1 41. Nd7+ Kf7 42. Nxc5 Rc1 43. Ne4 Rd1 44. Ng5+ Kg8 45. Ke4 Rg1 46. Kf4 Rf1+
47. Ke5 Rg1 48. Kf6 Rg3 49. Bb4 a5 50. Bd6 Rd3 51. Ne4 b4 52. axb4 axb4 53. Be5
b3 54. Ke6 Rd8 55. Nd6 Rb8 56. Bb2 Ra8 57. f6 Kf8 58. Nc4 Ra6+ 59. Kf5 Kf7 60.
Ne5+ Kf8 61. Kg6 Ra7 62. Nc4 Ra6 63. Ba3+ Ke8 64. Kg7 Rxf6 65. Kxf6 Kd7 66. Na5
b2 67. Bxb2 Kd6 68. Ba3+ Kd5 69. Bb4 Ke4 70. Ke6 Kd4 71. Bd6 Ke4 72. Be5 Kd3
73. Kf5 Ke3 74. Nc4+ Kd3 75. Nb2+ Ke3 76. Bc3 Kf3 77. Bd4 Ke2 78. Ke4 Kd2 79.
Nd3 Kc2 80. Nc5 Kd2 81. Be5 Ke2 82. Bf4 Kf2 83. Nd3+ Ke2 84. Be3 Kf1 85. Nf4
Ke1 86. Kd3 Kf1 87. Bd4 Ke1 1/2-1/2

[Event "Montcalm IV 2009-10"]
[Site "Quebec CAN"]
[Date "2010.01.21"]
[Round "2"]
[White "Lessard, Claude"]
[Black "Gras, Guillaume"]
[Result "0-1"]
[WhiteElo "2088"]
[BlackElo "2071"]
[PlyCount "61"]
[EventDate "2010.01.14"]
[EventType "tourn"]
[EventRounds "5"]
[EventCountry "CAN"]

1. d4 d5 2. Nf3 c6 3. g3 Bg4 4. Ne5 Bh5 5. Bg2 Nf6 6. O-O Nbd7 7. Nd3 e6 8. Nf4
Bg6 9. Nd2 Qb6 10. e3 Be7 11. Nxg6 hxg6 12. c4 O-O 13. a4 a5 14. b3 Rfe8 15.
Bb2 Bb4 16. f4 Rad8 17. c5 Qa6 18. Nf3 b6 19. Ne5 bxc5 20. Rc1 Rc8 21. Nxd7
Nxd7 22. dxc5 Nxc5 23. Qd4 e5 24. fxe5 Nxb3 25. Qf4 Nxc1 26. Qxf7+ Kh7 27. Rf6
Qd3 28. e4 Ne2+ 29. Kh1 Qb1+ 30. Bc1 Qxc1+ 31. Bf1 0-1

[Event "Montcalm IV 2009-10"]
[Site "Quebec CAN"]
[Date "2010.01.28"]
[Round "3"]
[White "Canal, Richard"]
[Black "Bourassa, Andre"]
[Result "1-0"]
[WhiteElo "1813"]
[BlackElo "1768"]
[PlyCount "45"]
[EventDate "2010.01.14"]
[EventType "tourn"]
[EventRounds "5"]
[EventCountry "CAN"]

1. Nf3 d5 2. c4 e6 3. b3 d4 4. d3 c5 5. e3 Nc6 6. exd4 Nxd4 7. g3 Qf6 8. Nxd4
Qxd4 9. Qc2 Qxa1 10. Nc3 Be7 11. Ke2 Bf6 12. Bb2 Bxc3 13. Bxc3 Qxc3 14. Qxc3
Nf6 15. Qe5 O-O 16. Bg2 Nd7 17. Qc7 Rb8 18. Kd2 a6 19. Re1 b5 20. Bc6 bxc4 21.
dxc4 a5 22. Kc3 Ba6 23. Bxd7 1-0

[Event "Montcalm IV 2009-10"]
[Site "Quebec CAN"]
[Date "2010.01.28"]
[Round "3"]
[White "Chiffot, Nicolas"]
[Black "Lessard, Claude"]
[Result "0-1"]
[WhiteElo "2006"]
[BlackElo "2088"]
[PlyCount "44"]
[EventDate "2010.01.14"]
[EventType "tourn"]
[EventRounds "5"]
[EventCountry "CAN"]

1. d4 Nf6 2. Nf3 g6 3. c4 Bg7 4. Nc3 O-O 5. e4 d6 6. Be2 e5 7. O-O Nc6 8. d5
Ne7 9. b4 Ne8 10. a4 f5 11. Nd2 f4 12. c5 g5 13. Nc4 Ng6 14. Ba3 Nh4 15. f3 h5
16. b5 Rf6 17. Kh1 Rg6 18. a5 g4 19. fxg4 hxg4 20. b6 Nxg2 21. Kxg2 Qh4 22.
Bxg4 Bxg4 0-1

[Event "Montcalm IV 2009-10"]
[Site "Quebec CAN"]
[Date "2010.01.28"]
[Round "3"]
[White "Cournoyer, Dominic"]
[Black "Bergeron, Marc"]
[Result "1-0"]
[WhiteElo "1943"]
[BlackElo "1985"]
[PlyCount "79"]
[EventDate "2010.01.14"]
[EventType "tourn"]
[EventRounds "5"]
[EventCountry "CAN"]

1. c4 Nc6 2. Nc3 e5 3. Nf3 f5 4. g3 e4 5. Nh4 g6 6. d3 exd3 7. Qxd3 Ne5 8. Qe3
Qe7 9. Nd5 Nxc4 10. Nxc7+ Kd8 11. Qxe7+ Nxe7 12. Nxa8 Bg7 13. Bg2 h6 14. O-O g5
15. Nf3 Nc6 16. Nxg5 hxg5 17. Bxg5+ Ke8 18. Nc7+ Kf8 19. Nb5 a6 20. Nc7 Bxb2
21. Rab1 Be5 22. Nd5 b5 23. Rfe1 Na3 24. Rb3 Nc2 25. Reb1 N6d4 26. Rd3 Bb7 27.
f4 Bg7 28. e3 Ne6 29. Bf6 Rh6 30. Bxg7+ Nxg7 31. Rc1 Rc6 32. Rd2 Na3 33. Rxc6
Bxc6 34. Nb6 Bxg2 35. Kxg2 Ne6 36. Rxd7 Nc2 37. Kf3 b4 38. Ra7 b3 39. axb3 Nb4
40. Na4 1-0

[Event "Montcalm IV 2009-10"]
[Site "Quebec CAN"]
[Date "2010.01.28"]
[Round "3"]
[White "Gras, Guillaume"]
[Black "Bonneau, Daniel"]
[Result "1-0"]
[WhiteElo "2071"]
[BlackElo "2013"]
[PlyCount "59"]
[EventDate "2010.01.14"]
[EventType "tourn"]
[EventRounds "5"]
[EventCountry "CAN"]

1. e4 d6 2. Nc3 Nf6 3. Bc4 g6 4. d3 Bg7 5. f4 Nc6 6. Nge2 e5 7. O-O Na5 8. Bb3
c6 9. Ng3 Nxb3 10. axb3 Qb6+ 11. Kh1 Ng4 12. Qf3 exf4 13. Bxf4 Be6 14. Nf5 gxf5
15. exf5 Bxf5 16. Rae1+ Kd7 17. Bxd6 Nh6 18. Na4 Qd4 19. Bc5 Qd5 20. Re7+ Kd8
21. Qg3 Rc8 22. Rfe1 Bf6 23. Qe3 Bd7 24. Nb6 axb6 25. Bxb6+ Rc7 26. Qf4 Be5 27.
R7xe5 Qd6 28. Re8+ Rxe8 29. Rxe8+ Kxe8 30. Qxd6 1-0

[Event "Montcalm IV 2009-10"]
[Site "Quebec CAN"]
[Date "2010.02.04"]
[Round "4"]
[White "Bergeron, Marc"]
[Black "Gras, Guillaume"]
[Result "1-0"]
[WhiteElo "1985"]
[BlackElo "2071"]
[PlyCount "99"]
[EventDate "2010.01.14"]
[EventType "tourn"]
[EventRounds "5"]
[EventCountry "CAN"]

1. e4 Nf6 2. e5 Nd5 3. c4 Nb6 4. d4 d6 5. exd6 cxd6 6. Nc3 g6 7. Bd3 Bg7 8.
Nge2 O-O 9. O-O Nc6 10. d5 Ne5 11. b3 Nxd3 12. Qxd3 Bf5 13. Qd2 a5 14. a4 e6
15. Ra2 e5 16. Nb5 Qb8 17. Ba3 Rd8 18. Ng3 Bc8 19. Ne4 Bf8 20. Qg5 Bf5 21. f3
Bxe4 22. fxe4 Rd7 23. Raf2 Qd8 24. Qe3 Rc8 25. Qe2 Na8 26. Qe1 Qb6 27. Bc1 Nc7
28. Be3 Qa6 29. Qd2 Qa8 30. Nxc7 Rcxc7 31. Bb6 Rc8 32. Qxa5 Qa6 33. Qxa6 bxa6
34. a5 Rb7 35. Rc2 Be7 36. b4 Bd8 37. c5 Kf8 38. Rff2 Ke8 39. Kf1 f6 40. c6 Rf7
41. g4 Bc7 42. b5 axb5 43. Rb2 Kf8 44. Rxb5 Ra8 45. Bxc7 Rxc7 46. Rxf6+ Rf7 47.
Rxf7+ Kxf7 48. c7 Rc8 49. Rb7 Ke8 50. a6 1-0

[Event "Montcalm IV 2009-10"]
[Site "Quebec CAN"]
[Date "2010.02.04"]
[Round "4"]
[White "Bleau, John"]
[Black "Bourassa, Andre"]
[Result "1/2-1/2"]
[WhiteElo "1797"]
[BlackElo "1768"]
[PlyCount "87"]
[EventDate "2010.01.14"]
[EventType "tourn"]
[EventRounds "5"]
[EventCountry "CAN"]

1. e4 c5 2. Nf3 d6 3. d4 cxd4 4. Nxd4 Nf6 5. Nc3 a6 6. Bg5 e6 7. f4 Be7 8. Qf3
e5 9. Nf5 Bxf5 10. exf5 Nc6 11. O-O-O O-O 12. Bxf6 Bxf6 13. Nd5 exf4 14. Nxf6+
Qxf6 15. Qxf4 Rad8 16. Bc4 Rfe8 17. g4 Qe5 18. Rhf1 Kf8 19. f6 g5 20. Qf3 Qe3+
21. Qxe3 Rxe3 22. Bd3 h6 23. Bf5 d5 24. h4 Rd6 25. hxg5 hxg5 26. Bc8 Nd8 27.
Rh1 Rxf6 28. Rxd5 Ne6 29. Bxe6 Rexe6 30. Rxg5 Rf2 31. Rc5 Kg7 32. Rd1 Kg6 33.
b3 b6 34. Rc4 b5 35. Rc5 Rf4 36. Rg1 f6 37. Kd2 Re5 38. Rxe5 fxe5 39. a3 Kg5
40. Ke3 a5 41. Rg2 a4 42. Rg1 axb3 43. cxb3 e4 44. a4 1/2-1/2

[Event "Montcalm IV 2009-10"]
[Site "Quebec CAN"]
[Date "2010.02.04"]
[Round "4"]
[White "Chiffot, Nicolas"]
[Black "Cournoyer, Dominic"]
[Result "0-1"]
[WhiteElo "2006"]
[BlackElo "1943"]
[PlyCount "96"]
[EventDate "2010.01.14"]
[EventType "tourn"]
[EventRounds "5"]
[EventCountry "CAN"]

1. e4 d5 2. exd5 Nf6 3. d4 Nxd5 4. c4 Nf6 5. Nc3 e5 6. dxe5 Qxd1+ 7. Nxd1 Ng4
8. f4 Nc6 9. Bd3 Nb4 10. Be4 f5 11. Bb1 Be6 12. h3 Nh6 13. a3 Nc6 14. Ne3 Nd4
15. Ba2 g5 16. Nf3 Nxf3+ 17. gxf3 gxf4 18. Nd5 O-O-O 19. Nxf4 Bd7 20. Be3 Re8
21. Nd3 Bc6 22. Kf2 Nf7 23. e6 Nd8 24. Nf4 Bg7 25. Bb1 Bxb2 26. Ra2 Bf6 27.
Bxf5 Bh4+ 28. Ke2 Kb8 29. Rg1 Rhf8 30. Bg4 b6 31. Rd2 Bb7 32. Rd7 Ba6 33. Rc1
Re7 34. Rxe7 Bxe7 35. Kf2 Bc8 36. c5 Bh4+ 37. Ke2 Re8 38. cxb6 axb6 39. Rb1
Nxe6 40. Nxe6 Bxe6 41. Rb4 Bd5 42. Bh5 Rxe3+ 43. Kxe3 Be7 44. Ra4 b5 45. Ra6 c6
46. a4 b4 47. f4 b3 48. Bf3 Bc5+ 0-1

[Event "Montcalm IV 2009-10"]
[Site "Quebec CAN"]
[Date "2010.02.04"]
[Round "4"]
[White "Lessard, Claude"]
[Black "Bonneau, Daniel"]
[Result "1-0"]
[WhiteElo "2088"]
[BlackElo "2013"]
[PlyCount "61"]
[EventDate "2010.01.14"]
[EventType "tourn"]
[EventRounds "5"]
[EventCountry "CAN"]

1. d4 Nf6 2. Nc3 d5 3. Nf3 e6 4. Bf4 a6 5. e3 c5 6. h3 Nbd7 7. Be2 b5 8. O-O
Bb7 9. Ne5 b4 10. Na4 Nxe5 11. Bxe5 Nd7 12. Bg3 Bc6 13. c3 Qa5 14. Nxc5 Bxc5
15. dxc5 bxc3 16. Bd6 cxb2 17. Rb1 Qc3 18. Qd4 Qxd4 19. exd4 Nf6 20. f3 Kd7 21.
Rxb2 Ne8 22. Bg3 Nc7 23. Rfb1 Ra7 24. Rb6 Nb5 25. Rb4 Rc8 26. Bd3 a5 27. R4xb5
Bxb5 28. Bxb5+ Ke7 29. Bd6+ Kf6 30. Bb8 Ra8 31. Be5+ 1-0

[Event "Montcalm IV 2009-10"]
[Site "Quebec CAN"]
[Date "2010.02.04"]
[Round "4"]
[White "Perron, Jonathan"]
[Black "Marquis, Paul"]
[Result "0-1"]
[WhiteElo "1971"]
[BlackElo "1889"]
[PlyCount "134"]
[EventDate "2010.01.14"]
[EventType "tourn"]
[EventRounds "5"]
[EventCountry "CAN"]

1. e4 d6 2. d4 Nf6 3. Nc3 g6 4. Nf3 Bg7 5. h3 c6 6. a4 d5 7. e5 Ne4 8. Bd3 Nxc3
9. bxc3 O-O 10. Ng5 c5 11. h4 c4 12. Be2 f6 13. exf6 exf6 14. Nh3 Re8 15. Kf1
Bf5 16. Nf4 Nc6 17. Rb1 Qd7 18. Ba3 a6 19. Bf3 Be4 20. Rh3 Bh6 21. Bc1 Bxf4 22.
Bxf4 Re7 23. Bd2 Nd8 24. a5 Nf7 25. Rg3 Nd6 26. Rb6 Rb8 27. Bg4 Bf5 28. Rxd6
Qxd6 29. Bxf5 Kh8 30. Bg4 Qa3 31. Rf3 Qxa5 32. h5 Qb6 33. hxg6 hxg6 34. Rh3+
Rh7 35. Rxh7+ Kxh7 36. Qe1 Qd6 37. Qe3 g5 38. Qf3 Kg7 39. Qf5 Rd8 40. Bh5 Qe7
41. Qg6+ Kh8 42. Bg4 a5 43. f4 gxf4 44. Bxf4 Re8 45. Qh5+ Kg8 46. Qxd5+ Kg7 47.
Bd2 Qe4 48. Qd7+ Re7 49. Qc8 Qxc2 50. Be6 Qxd2 51. Qg8+ Kh6 52. Qf8+ Rg7 53.
Qxf6+ Kh7 54. Qh4+ Qh6 55. Bf5+ Rg6 56. Qxh6+ Kxh6 57. Bxg6 Kxg6 58. Ke2 b5 59.
Kd2 Kf5 60. Kc2 b4 61. Kb2 b3 62. Ka3 a4 63. g3 Ke4 64. g4 Kd3 65. d5 Kxc3 66.
d6 b2 67. Kxa4 b1=Q 0-1

[Event "Montcalm IV 2009-10"]
[Site "Quebec CAN"]
[Date "2010.02.11"]
[Round "5"]
[White "Bonneau, Daniel"]
[Black "Bergeron, Marc"]
[Result "0-1"]
[WhiteElo "2013"]
[BlackElo "1985"]
[PlyCount "46"]
[EventDate "2010.01.14"]
[EventType "tourn"]
[EventRounds "5"]
[EventCountry "CAN"]

1. d4 d5 2. c4 Nc6 3. cxd5 Qxd5 4. e3 e5 5. Nc3 Bb4 6. Bd2 Bxc3 7. Bxc3 exd4 8.
Ne2 Bg4 9. f3 Bxf3 10. gxf3 Qxf3 11. Bxd4 Qxh1 12. Bxg7 Qxh2 13. Qa4 O-O-O 14.
Bxh8 f6 15. Rd1 Re8 16. Qf4 Qh5 17. Ng3 Qa5+ 18. Rd2 Kb8 19. Bc4 Nge7 20. Bg7
Ng6 21. Qxf6 Rxe3+ 22. Kd1 a6 23. Ne4 Rxe4 0-1

[Event "Montcalm IV 2009-10"]
[Site "Quebec CAN"]
[Date "2010.02.11"]
[Round "5"]
[White "Bourassa, Andre"]
[Black "Lamontagne, Danny"]
[Result "1-0"]
[WhiteElo "1768"]
[BlackElo "1767"]
[PlyCount "91"]
[EventDate "2010.01.14"]
[EventType "tourn"]
[EventRounds "5"]
[EventCountry "CAN"]

1. d4 Nf6 2. c4 c5 3. d5 b5 4. cxb5 a6 5. bxa6 Bxa6 6. Nc3 g6 7. f3 Bg7 8. Nh3
d6 9. e4 Bxf1 10. Rxf1 O-O 11. Be3 Qb6 12. Rf2 Nbd7 13. Rc2 Ne5 14. Qe2 Qa6 15.
Nf2 c4 16. Rd1 Rfb8 17. f4 Nd3+ 18. Nxd3 cxd3 19. Rxd3 Qa5 20. Kf1 Qb4 21. Rd4
Qb7 22. Rc4 Qd7 23. h3 Nh5 24. Kf2 e5 25. fxe5 Bxe5 26. a3 Qe7 27. Qg4 Qf6+ 28.
Kg1 h6 29. Rf2 Qg7 30. Rc7 Nf6 31. Qf3 Rc8 32. Rxc8+ Rxc8 33. Rc2 Nd7 34. Bd2
Bd4+ 35. Kh1 Ne5 36. Qe2 Nc4 37. Nb5 Qf6 38. b3 Nb6 39. Rxc8+ Nxc8 40. Nxd4
Qxd4 41. Qe3 Qa1+ 42. Kh2 Qxa3 43. Bc3 Qa7 44. Qxh6 f6 45. Qxg6+ Qg7 46. Qxf6
1-0

[Event "Montcalm IV 2009-10"]
[Site "Quebec CAN"]
[Date "2010.02.11"]
[Round "5"]
[White "Cournoyer, Dominic"]
[Black "Lessard, Claude"]
[Result "1/2-1/2"]
[WhiteElo "1943"]
[BlackElo "2088"]
[PlyCount "126"]
[EventDate "2010.01.14"]
[EventType "tourn"]
[EventRounds "5"]
[EventCountry "CAN"]

1. Nf3 Nf6 2. c4 e6 3. Nc3 d5 4. e3 c6 5. Be2 Bd6 6. d4 Nbd7 7. O-O O-O 8. b3
Ne4 9. Bb2 f5 10. Nd2 Nxd2 11. Qxd2 f4 12. exf4 Bxf4 13. Qd3 Nf6 14. Bc1 Bd6
15. c5 Bc7 16. f4 Bd7 17. Bf3 Be8 18. Qe2 Qd7 19. Re1 Bf7 20. Bd2 Rae8 21. Nd1
Bg6 22. Nf2 Ne4 23. g3 Nxd2 24. Qxd2 b6 25. b4 bxc5 26. bxc5 Qd8 27. Qb2 h5 28.
Qb7 Qd7 29. Re3 Rb8 30. Qa6 Rb4 31. Rae1 Re8 32. Qe2 Rxd4 33. Rxe6 Re4 34. Rxe4
dxe4 35. Bxe4 Ba5 36. Rd1 Qe7 37. Qc4+ Bf7 38. Qa6 Qxc5 39. Qxc6 Bb6 40. Qxc5
Bxc5 41. Bf3 h4 42. a4 h3 43. Bg4 Rb8 44. Rc1 Bc4 45. Bxh3 Bd5 46. Be6+ Bxe6
47. Rxc5 Rb7 48. Ra5 Bc4 49. Kg2 Re7 50. Re5 Rd7 51. Kf3 Rb7 52. Ng4 Rb3+ 53.
Ne3 Ra3 54. Ra5 a6 55. Ke4 Bb5 56. Kd4 Rxa4+ 57. Rxa4 Bxa4 58. Kc5 Kf7 59. Nd5
Bb3 60. Nc7 a5 61. Kd4 a4 62. Nb5 Kf6 63. Ke4 Bc2+ 1/2-1/2

[Event "Montcalm IV 2009-10"]
[Site "Quebec CAN"]
[Date "2010.02.11"]
[Round "5"]
[White "Marquis, Paul"]
[Black "Arteau, Benoit"]
[Result "1/2-1/2"]
[WhiteElo "1889"]
[BlackElo "1837"]
[PlyCount "47"]
[EventDate "2010.01.14"]
[EventType "tourn"]
[EventRounds "5"]
[EventCountry "CAN"]

1. e4 c5 2. Nc3 Nc6 3. g3 g6 4. Bg2 Bg7 5. f4 e6 6. Nf3 Nge7 7. O-O O-O 8. d3
b6 9. Be3 d5 10. exd5 exd5 11. Bf2 Nf5 12. Nxd5 Bxb2 13. Rb1 Bg7 14. Ne5 Bb7
15. Nxc6 Bxc6 16. c4 Re8 17. Re1 Qd6 18. Qd2 Nd4 19. Rxe8+ Rxe8 20. Re1 Re6 21.
h3 Bxd5 22. cxd5 Re7 23. Rxe7 Qxe7 24. Qe3 1/2-1/2

[Event "Montcalm V 2009-10"]
[Site "Quebec CAN"]
[Date "2010.02.18"]
[Round "1"]
[White "Bourassa, Andre"]
[Black "Gras, Guillaume"]
[Result "0-1"]
[WhiteElo "1932"]
[BlackElo "2113"]
[PlyCount "36"]
[EventDate "2010.02.18"]
[EventType "tourn"]
[EventRounds "5"]
[EventCountry "CAN"]

1. d4 d5 2. c4 c6 3. Nf3 e6 4. e3 f5 5. Bd2 Nf6 6. Nc3 Bd6 7. cxd5 exd5 8. Bd3
O-O 9. O-O Ne4 10. Ne5 Nd7 11. Bxe4 fxe4 12. f4 exf3 13. Nxd7 Bxh2+ 14. Kxh2
Qh4+ 15. Kg1 f2+ 16. Rxf2 Qxf2+ 17. Kh1 Bxd7 18. Qe1 Rae8 0-1

[Event "Montcalm V 2009-10"]
[Site "Quebec CAN"]
[Date "2010.02.18"]
[Round "1"]
[White "Caire, Francois"]
[Black "Cummins, Paul"]
[Result "1-0"]
[WhiteElo "2220"]
[BlackElo "1787"]
[PlyCount "27"]
[EventDate "2010.02.18"]
[EventType "tourn"]
[EventRounds "5"]
[EventCountry "CAN"]

1. e4 e5 2. Nf3 Nc6 3. d4 exd4 4. Nxd4 Bc5 5. Be3 Nxd4 6. Bxd4 Bxd4 7. Qxd4 Qf6
8. e5 Qh6 9. Nc3 c6 10. Ne4 Ne7 11. Nd6+ Kf8 12. Bc4 Nd5 13. Bxd5 cxd5 14. Qc5
1-0

[Event "Montcalm V 2009-10"]
[Site "Quebec CAN"]
[Date "2010.02.18"]
[Round "1"]
[White "Dumont, Eric"]
[Black "Bergeron, Marc"]
[Result "0-1"]
[WhiteElo "1667"]
[BlackElo "2041"]
[PlyCount "79"]
[EventDate "2010.02.18"]
[EventType "tourn"]
[EventRounds "5"]
[EventCountry "CAN"]

1. d4 d5 2. Nf3 Nc6 3. Bf4 Bf5 4. c3 e6 5. e3 Bd6 6. Ne5 Nge7 7. Bd3 Bxd3 8.
Qxd3 O-O 9. Nxc6 Nxc6 10. Bxd6 Qxd6 11. Nd2 e5 12. Qf5 exd4 13. cxd4 g6 14. Qc2
f5 15. O-O f4 16. Nf3 Rae8 17. exf4 Rxf4 18. Qc5 Nxd4 19. Qxd6 Nxf3+ 20. gxf3
cxd6 21. Rad1 d4 22. Rfe1 Rxe1+ 23. Rxe1 d3 24. Rd1 Rd4 25. Rd2 Kf7 26. Kg2 Ke6
27. Kg3 h5 28. f4 Kd5 29. Kf3 Kc4 30. Ke3 d5 31. f3 b5 32. Rg2 d2 33. Rxd2 Rxd2
34. Kxd2 Kd4 35. h4 b4 36. a3 bxa3 37. bxa3 a6 38. a4 a5 39. f5 gxf5 40. f4 0-1

[Event "Montcalm V 2009-10"]
[Site "Quebec CAN"]
[Date "2010.02.25"]
[Round "2"]
[White "Bergeron, Marc"]
[Black "Bluteau, Yvon"]
[Result "1-0"]
[WhiteElo "2041"]
[BlackElo "1899"]
[PlyCount "89"]
[EventDate "2010.02.18"]
[EventType "tourn"]
[EventRounds "5"]
[EventCountry "CAN"]

1. e4 c5 2. Nf3 Nf6 3. Nc3 d5 4. exd5 Nxd5 5. Bc4 e6 6. O-O Be7 7. Bxd5 exd5 8.
d4 c4 9. Re1 O-O 10. Nxd5 Qxd5 11. Rxe7 Nc6 12. Re3 Bf5 13. c3 Rad8 14. b4 f6
15. a4 Ne5 16. Ne1 Ng4 17. Rg3 Rfe8 18. Bd2 h5 19. h3 h4 20. Rxg4 Bxg4 21. Qxg4
Re4 22. Qd1 Rde8 23. Be3 f5 24. Qh5 Qe6 25. Nf3 g6 26. Qh6 Qf6 27. Bf4 Qg7 28.
Qxg7+ Kxg7 29. Be5+ Kg8 30. Kf1 Rd8 31. Ng5 Rxe5 32. dxe5 Rd3 33. e6 Kf8 34.
Re1 Ke7 35. Re3 Rd2 36. a5 Rb2 37. f4 Rb1+ 38. Kf2 Rb2+ 39. Kf3 Rb1 40. Kf2
Rb2+ 41. Re2 Rb3 42. Nh7 Rxc3 43. Nf6 Rb3 44. Nd5+ Ke8 45. e7 1-0

[Event "Montcalm V 2009-10"]
[Site "Quebec CAN"]
[Date "2010.02.25"]
[Round "2"]
[White "Caron, Sebastien"]
[Black "Caire, Francois"]
[Result "0-1"]
[WhiteElo "1935"]
[BlackElo "2220"]
[PlyCount "120"]
[EventDate "2010.02.18"]
[EventType "tourn"]
[EventRounds "5"]
[EventCountry "CAN"]

1. e4 c5 2. Nc3 e6 3. f4 d5 4. exd5 exd5 5. Bb5+ Nc6 6. Nf3 Nf6 7. O-O Be7 8.
Ne5 Qd6 9. d3 O-O 10. Bxc6 bxc6 11. Bd2 Qc7 12. Qf3 Bd6 13. Rae1 Be6 14. h3
Rae8 15. Nd1 c4 16. dxc4 Ne4 17. Rxe4 dxe4 18. Qxe4 f5 19. Qe2 Qb6+ 20. Kh1 Qa6
21. Bc3 Bxe5 22. Qxe5 Rf7 23. Rf3 Bd7 24. Qd4 c5 25. Qxc5 Qxa2 26. Ne3 Qa1+ 27.
Rf1 Qa6 28. Nd5 Qc6 29. Qd4 Re4 30. Nb4 Qxc4 31. Qf2 Qe2 32. Kg1 Bb5 33. Nd3
Bxd3 34. cxd3 Qxd3 35. Qh4 h6 36. Qh5 Qe3+ 37. Kh2 Qe2 38. Rf3 Rxf4 39. Qxf7+
Kxf7 40. Rxf4 g6 41. Ra4 a6 42. Rb4 Qe7 43. Rc4 Qd6+ 44. Kg1 f4 45. Rd4 Qc5 46.
Kf1 g5 47. h4 Kg6 48. hxg5 hxg5 49. Ke2 Kf5 50. g3 Qe7+ 51. Kf1 f3 52. g4+ Kg6
53. Rd2 Qe6 54. Kf2 Qxg4 55. Rd6+ Kh5 56. Rd2 Qe4 57. Bd4 g4 58. Kg3 Qe1+ 59.
Rf2 Kg5 60. Kh2 Kf4 0-1

[Event "Montcalm V 2009-10"]
[Site "Quebec CAN"]
[Date "2010.02.25"]
[Round "2"]
[White "Gras, Guillaume"]
[Black "Sauve, Richard"]
[Result "1-0"]
[WhiteElo "2113"]
[BlackElo "1922"]
[PlyCount "49"]
[EventDate "2010.02.18"]
[EventType "tourn"]
[EventRounds "5"]
[EventCountry "CAN"]

1. d4 e6 2. e4 d5 3. Nc3 Nf6 4. Bg5 Bb4 5. e5 h6 6. Bd2 Bxc3 7. bxc3 Ne4 8. Bd3
Nxd2 9. Qxd2 c5 10. dxc5 Qc7 11. Nf3 Nd7 12. O-O Nxe5 13. Nxe5 Qxe5 14. Bb5+
Bd7 15. Bxd7+ Kxd7 16. c4 Rhc8 17. Rfe1 Qf5 18. Qb4 Kc7 19. cxd5 Qxd5 20. Qf4+
Kc6 21. Rad1 Qxc5 22. Qxf7 Rf8 23. Qd7+ Kb6 24. Rxe6+ Ka5 25. Rd5 1-0

[Event "Montcalm V 2009-10"]
[Site "Quebec CAN"]
[Date "2010.02.25"]
[Round "2"]
[White "Tanguay, Keven"]
[Black "Bourassa, Andre"]
[Result "0-1"]
[WhiteElo "1313"]
[BlackElo "1774"]
[PlyCount "88"]
[EventDate "2010.02.18"]
[EventType "tourn"]
[EventRounds "5"]
[EventCountry "CAN"]

1. e4 c5 2. Nf3 d6 3. Bc4 e6 4. Nc3 a6 5. d3 b5 6. Bb3 Qc7 7. Qe2 Nc6 8. Be3
Nf6 9. a4 b4 10. Nd1 Na5 11. Nd2 Nxb3 12. Nxb3 a5 13. c4 Ba6 14. Nd2 Be7 15. b3
Nd7 16. Nf3 O-O 17. O-O Bb7 18. Bf4 Bf6 19. Ra2 Rae8 20. Re1 Nb8 21. e5 Bxf3
22. exd6 Bxe2 23. dxc7 Nc6 24. Raxe2 Nd4 25. Re4 Nxb3 26. Ne3 Rc8 27. Ng4 Bc3
28. R1e2 Nd4 29. R2e3 f5 30. Rxd4 Bxd4 31. Rxe6 fxg4 32. Bg3 Rfe8 33. Rxe8+
Rxe8 34. h3 gxh3 35. gxh3 b3 36. Bd6 b2 37. Be7 b1=Q+ 38. Kg2 Qb7+ 39. Kg1 Qxc7
40. Bh4 Re1+ 41. Kg2 Qc6+ 42. f3 Rg1+ 43. Kh2 Qxf3 44. Bg3 Qg2# 0-1

[Event "Montcalm V 2009-10"]
[Site "Quebec CAN"]
[Date "2010.03.04"]
[Round "3"]
[White "Bonneau, Daniel"]
[Black "Gras, Guillaume"]
[Result "0-1"]
[WhiteElo "1982"]
[BlackElo "2113"]
[PlyCount "50"]
[EventDate "2010.02.18"]
[EventType "tourn"]
[EventRounds "5"]
[EventCountry "CAN"]

1. e4 Nc6 2. c4 e5 3. g3 Bc5 4. Bg2 d6 5. Ne2 Nf6 6. O-O h5 7. Nbc3 h4 8. d3
hxg3 9. hxg3 Bg4 10. Be3 Nd4 11. Bxd4 Bxd4 12. Qd2 Bc5 13. d4 exd4 14. Nxd4 Qd7
15. b4 Bxb4 16. Rab1 Bh3 17. Nf5 Bxg2 18. Kxg2 g6 19. Rxb4 gxf5 20. e5 dxe5 21.
Qg5 Qc6+ 22. f3 Rh5 23. Qe3 Ng4 24. Qxe5+ Nxe5 25. Re1 Qxf3+ 0-1

[Event "Montcalm V 2009-10"]
[Site "Quebec CAN"]
[Date "2010.03.04"]
[Round "3"]
[White "Bourassa, Andre"]
[Black "Lapierre, Gaetan"]
[Result "0-1"]
[WhiteElo "1774"]
[BlackElo "1889"]
[PlyCount "74"]
[EventDate "2010.02.18"]
[EventType "tourn"]
[EventRounds "5"]
[EventCountry "CAN"]

1. d4 g6 2. c4 Nf6 3. Nc3 Bg7 4. e4 d6 5. Bd3 O-O 6. Nge2 e5 7. d5 Ne8 8. O-O
f5 9. f4 exf4 10. Rxf4 g5 11. Rf1 f4 12. Bc2 Be5 13. Nd4 Qf6 14. Nce2 c5 15.
dxc6 Nxc6 16. Nxc6 bxc6 17. Rb1 Bg4 18. Qd2 f3 19. Qxg5+ Qxg5 20. Bxg5 fxe2 21.
Rxf8+ Kxf8 22. Be3 Rb8 23. b3 Rb7 24. h3 Bg3 25. Bf2 Bxf2+ 26. Kxf2 Rf7+ 27.
Ke3 Rf1 28. Kd2 Bh5 29. g4 Rxb1 30. Bxb1 e1=Q+ 31. Kxe1 Bg6 32. Ke2 c5 33. Bd3
Ke7 34. h4 Nf6 35. Kf3 h5 36. g5 Ng4 37. Bf1 Nh2+ 0-1

[Event "Montcalm V 2009-10"]
[Site "Quebec CAN"]
[Date "2010.03.04"]
[Round "3"]
[White "Caire, Francois"]
[Black "Chiffot, Nicolas"]
[Result "1/2-1/2"]
[WhiteElo "2220"]
[BlackElo "1945"]
[PlyCount "57"]
[EventDate "2010.02.18"]
[EventType "tourn"]
[EventRounds "5"]
[EventCountry "CAN"]

1. Nf3 Nf6 2. d4 d5 3. c4 e6 4. g3 dxc4 5. Bg2 c5 6. O-O Nc6 7. Qa4 Bd7 8. Qxc4
cxd4 9. Nxd4 Rc8 10. Rd1 Qb6 11. Nxc6 Bxc6 12. Nc3 Bc5 13. Bxc6+ Qxc6 14. Qf4
O-O 15. Be3 Rfd8 16. Rac1 Bxe3 17. Qxe3 a6 18. f3 h6 19. Rxd8+ Rxd8 20. Ne4 Nd5
21. Rxc6 Nxe3 22. Rb6 Rd7 23. Nc5 Rd2 24. Kf2 Nc4 25. Rxb7 Nxb2 26. Nxa6 Nd3+
27. Ke3 Rxa2 28. Nb4 Nxb4 29. Rxb4 1/2-1/2